000 00273nam a22001217a 4500
008 170510b xxu||||| |||| 00| 0 eng d
041 _aeng
080 _a34
100 _a15
101 _aSHJ
245 _aCOUNSELLING THEOTY AND PRACTICE
_cGRORGE.R.L
942 _2udc
_cBK
999 _c13052
_d13052